| 000 | 01546cam a2200217 4500 | ||
|---|---|---|---|
| 001 | ##L131155 | ||
| 008 | 051004n2005 000 0 eng u | ||
| 035 | _a(Sirsi) u131155 | ||
| 041 | 0 | _aeng | |
| 050 | 0 | 4 | _a711.1 $2 18 |
| 110 | 1 |
_aUnited Kingdom _bOffice of the Deputy Prime Minister |
|
| 245 | 0 | 0 | _aEvaluation of planning delivery grant 2004-2005 |
| 260 |
_aLondon _bODPM _c2005 |
||
| 520 | _aThis report summarises the most recent results of an on going evidence based evaluation of Planning Delivery Grant (PDG), a performance-based grant regime for local planning authorities. PDG works by providing an incentive to improve performance by authorities seeking to secure the grant and by providing additional resources. The scale of PDG awards is significant adding more then 20% to base budgets in the highest cases. The evaluation seeks to identify how PDG is spent, its impact on the quality of the planning service; the planning function response to the grant; the corporate level response to PDG and the expected outcomes derived from the PDG allocation. It should be read alongside research findings evaluating the planning standards authorities for 2004/05. | ||
| 590 | _aIKA111005 | ||
| 690 | _aENVIRONMENTAL AND LAND CONSULTANCY-PLANNING AND DEVELOPMENT | ||
| 710 | 1 |
_aAddison Associates _94628 |
|
| 710 | 1 |
_aArup _94773 |
|
| 856 | 4 | 0 |
_uhttps://www.communities.gov.uk/documents/planningandbuilding/pdf/148595.pdf _zView the PDF and planning standard authorities' evaluations free of charge at www.dclg.gov.uk... |
| 942 | _n0 | ||
| 999 |
_c104651 _d104651 |
||